000 00782cab a2200241 4500
001 WB3015-33
008 090401t1994 xxu||||| |||| 00| 0 eng d
035 _a(Sirsi) u30370
041 _aeng
245 _aLand use statistics
260 _c1994
350 _a0
490 _aEstates Gazette
_v(9415) 16 April 1994, 148(1)
520 _aA research report which analyses the DoE land use statistics has concluded that they provide unrivalled scope and geographical coverage although there is a long time between the change in use occuring and it being recorded.
650 _aBIRKBECK
650 _aLAND USE CHANGE STATISTICS
650 _aLAND USE STATISTICS
650 _aORDNANCE SURVEY
650 _aSERRL
690 _aLAND
942 _n0
948 _c04/03/1997
999 _c20467
_d20467